000
003290000a22001450004500
003
MACL
005
20211222112043.0
008
211222b |||||||| |||| 00| 0 eng d
040
_c
MACL
100
_a
Lal, Kanwar
_9
8184
245
_a
Immortal Khajuraho
260
_b
asia press
650
_a
Arts
942
_c
BK
_k
700.543/LAL
_2
ddc
999
_c
36297
_d
36297